000 00426nam a22001457a 4500
082 _aP-112
100 _aTaimur
_927531
245 _aComparative Study of Various Brands of Ordinary Portland Cements Manufactured in Pakistan
_cTaimur, Tahir
260 _aRisalpur
_bMCE
_c19 April 2000
300 _a84
526 _a0
_b0
_c0
_dP_112
650 _aProjects
_947809
700 _aMuhammad Qadeer Butt
_947664
942 _2ddc
_cBK
999 _c550934
_d550934